Fleisher & Ludwig's Textbook of Pediatric Emergency Medicine (Record no. 9595)

MARC details
000 -LEADER
fixed length control field 00664nam a22002297a 4500
003 - CONTROL NUMBER IDENTIFIER
control field OSt
005 - DATE AND TIME OF LATEST TRANSACTION
control field 20251122122644.0
008 - FIXED-LENGTH DATA ELEMENTS--GENERAL INFORMATION
fixed length control field 251121b |||||||| |||| 00| 0 eng d
020 ## - INTERNATIONAL STANDARD BOOK NUMBER
International Standard Book Number 9781975121518
020 ## - INTERNATIONAL STANDARD BOOK NUMBER
International Standard Book Number 9781482230291
040 ## - CATALOGING SOURCE
Transcribing agency NLM
082 ## - DEWEY DECIMAL CLASSIFICATION NUMBER
Classification number WS200 F631m 2019
100 ## - MAIN ENTRY--PERSONAL NAME
Personal name Editors Mcqueenns,Anthony; Chambalain, James
9 (RLIN) 19526
245 ## - TITLE STATEMENT
Title Fleisher & Ludwig's Textbook of Pediatric Emergency Medicine
250 ## - EDITION STATEMENT
Edition statement Asian ed.
260 ## - PUBLICATION, DISTRIBUTION, ETC. (IMPRINT)
Place of publication, distribution, etc. Boca Raton; CRC Press, 2019
300 ## - PHYSICAL DESCRIPTION
Extent xviii,435p.; Ill: 26cm
504 ## - BIBLIOGRAPHY, ETC. NOTE
Bibliography, etc Answers, & Index Included
650 ## - SUBJECT ADDED ENTRY--TOPICAL TERM
Topical term or geographic name as entry element Pediatric medicine
9 (RLIN) 19527
650 ## - SUBJECT ADDED ENTRY--TOPICAL TERM
Topical term or geographic name as entry element Pediatrics
9 (RLIN) 3353
942 ## - ADDED ENTRY ELEMENTS (KOHA)
Source of classification or shelving scheme Other/Generic Classification Scheme
Koha item type Open Shelf
Holdings
Withdrawn status Lost status Source of classification or shelving scheme Damaged status Not for loan Home library Current library Date acquired Source of acquisition Inventory number Total Checkouts Full call number Barcode Date last seen Koha item type
    Other/Generic Classification Scheme     MUST Main Library MUST Main Library 21/11/2025 Purchase 25/42477   WS200 F631m 2019 2025-0197 21/11/2025 Open Shelf